000 00748nam a2200193 a 4500
003 0
005 20250307121114.0
008 090728s19uu xx 00 eng d
050 _aPHS LB 1607.5
_b.D582 2009
100 _aDimaunahan, Donnel Dorveno B.
245 _aWork performance of employees with and without work experience during college /
_cDonnell Dorveno B. Dimaunahan.
260 _aLas PiƱas City, Philippines :
_bSouthville International School and Colleges,
_c2009.
300 _a30 pages :
_billustrations ;
_c28 cm.
504 _aIncludes bibliographical references.
650 _aWork experience
_xEffect on employment.
650 _aJob training
_xCollege students.
650 _aCollege students
_xEmployment.
942 _2lcc
_cPASS
999 _c98311
_d98311